Länder, die Südafrika am nächsten liegen mit Ausnahmen - Statistiken

Allgemein
  • Dieses Quiz wurde 374 mal gespielt
  • Das Durchschnittsergebnis liegt bei 17 aus 21
Antwortstatistiken
km Land % Korrekt
6034 Indien
92%
4118 Jemen
91%
4485 Saudi-Arabien
91%
4945 Oman
89%
5909 Irak
87%
5955 Iran
87%
5766 Israel
86%
5636 Katar
85%
5746 Jordanien
83%
5925 Kuwait
83%
5744 Bahrain
82%
6185 Sri Lanka
82%
5747 Brasilien
81%
6165 Libanon
81%
6099 Syrien
81%
5540 Vereinigte Arabische Emirate
80%
5450 Malediven
79%
6211 Pakistan
79%
6321 Zypern
70%
6464 Uruguay
65%
6359 Griechenland
52%
Keine übereinstimmenden Quizze gefunden
Verteilung der Resultate
Anzahl Personen mit jedem Resultat
Perzentil nach korrekt beantworteten Fragen
Ihre Resultats-Entwicklung
Sie haben dieses Quiz noch nicht gespielt